000 01270ngm a22003370a 4500
001 PT16535
003 AR-LpoUNG
005 20210202000207.0
007 vd cvaizq
008 191001s2001||||ag |||||||||||||||||spa d
037 _c$8.3
040 _aAR-LpoUNG
_bspa
_cAR-LpoUNG
_eaacr
041 _aspa
044 _aag
082 0 _a909 532v5
245 1 4 _aLos orígenes de Roma :
_bel imperio romano
260 _aBuenos Aires :
_bKalender Video Argentina,
_c2001.
300 _aVHS (56 min.) : son., byn, col.
520 _aLos orígenes legendarios de Roma, pueblo de agricultores guerreros y la influencia griega en las colonias del Sur, de la península itálica y ese enome granero del mundo mediterráneo que era Scicilia. En la segunda parte se analizan las guerras civiles, la decadencia de la República, Julio Cesar y la entrada del poder militar en la política, el poder del Senado y finalmente el principado, orígen del Imperio Romano.
650 4 _aACTIVIDAD MILITAR
650 4 _aAGRICULTURA
650 4 _aCULTURA
650 4 _aGUERRA
650 4 _aHISTORIA SOCIAL
650 4 _aITALIA
653 _aVIDEOS
653 _aVIDEOS DIDACTICOS
710 2 _aMetropolitan Museum of Art (New York)
905 _a16535
942 _cVIDEO
999 _c54316
_d54316